00794nam a22001695i 4500001000700000003000900007005001700016008004100033080002900074110006300103245021800166260005200384300002200436610007500458700003500533852005600568165476ES-MaACL20250902100243.0020403s1882 sp |||| | spa d a061.235(460.27 M.).055.52 aReal Sociedad Económica Matritense de Amigos del País.10aResumen de sus actas y tareas en 1881 / cpor su secretario primero Luis María de Tro y Moxó . bListas de sres. socios en 15 de mayo de 1882 y de las juntas de las demás sociedades económicas de España. aMadrid : b[s.n.], c1882 (fImp. de M. Romero) a100 p. ; c22 cm.27aReal Sociedad Económica Matritense de Amigos del País-vMemorias21 aTro y Moxó, Luis María de.4 aES-MaACLjT-354-F-8 z- Enc. en un vol. facticio